000
00259nam a22001217a 4500
008
170224b xxu||||| |||| 00| 0 eng d
041
_a
eng
080
_a
617
100
_a
5
101
_a
SHS
245
_a
ATLAS PEDIATRIC SURGERY
_c
WHITE.R.R
942
_2
udc
_c
BK
999
_c
6190
_d
6190